Гидравлические машины и установки / (Record no. 148829)
[ view plain ]
| 000 -LEADER | |
|---|---|
| fixed length control field | 00946nam a2200229 u 4500 |
| 001 - CONTROL NUMBER | |
| control field | 000392342 |
| 003 - CONTROL NUMBER IDENTIFIER | |
| control field | AM-YeHGA |
| 005 - DATE AND TIME OF LATEST TRANSACTION | |
| control field | 20250617132316.0 |
| 008 - FIXED-LENGTH DATA ELEMENTS--GENERAL INFORMATION | |
| fixed length control field | 041207s1974 ||||||||||||||||||||rus d |
| 040 ## - CATALOGING SOURCE | |
| Original cataloging agency | AM-YeHGA |
| 041 1# - LANGUAGE CODE | |
| Language code of text/sound track or separate title | rus |
| Language code of original | ger |
| 090 ## - LOCALLY ASSIGNED LC-TYPE CALL NUMBER (OCLC); LOCAL CALL NUMBER (RLIN) | |
| -- | 150218 |
| 100 1# - MAIN ENTRY--PERSONAL NAME | |
| Personal name | Раабе, Иоахим |
| 245 10 - TITLE STATEMENT | |
| Title | Гидравлические машины и установки / |
| Statement of responsibility, etc. | И. Раабе ; Пер. с нем. Л.Я. Бронштейна. Ш.Ш. Мамут-Васильевой. |
| 260 ## - PUBLICATION, DISTRIBUTION, ETC. | |
| Place of publication, distribution, etc. | Москва : |
| Name of publisher, distributor, etc. | Энергия, |
| Date of publication, distribution, etc. | 1974. |
| 300 ## - PHYSICAL DESCRIPTION | |
| Extent | 312 с. |
| 504 ## - BIBLIOGRAPHY, ETC. NOTE | |
| Bibliography, etc. note | Список лит. с. 284-304 |
| 534 ## - ORIGINAL VERSION NOTE | |
| Introductory phrase | Оригинал на нем. : |
| Title statement of original | Hydraulische Maschinen und Anlagen / |
| Main entry of original | Ioachim Raabe - |
| Publication, distribution, etc. of original | Dusseldorf : VDI- Verlag : 1970 |
| 650 14 - SUBJECT ADDED ENTRY--TOPICAL TERM | |
| Topical term or geographic name entry element | Гидротурбины (водяные турбины) |
| 700 1# - ADDED ENTRY--PERSONAL NAME | |
| Personal name | Бронштейн, Л.Я. |
| Relator term | пер. |
| Relationship | trl |
| 700 1# - ADDED ENTRY--PERSONAL NAME | |
| Personal name | Мамут-Васильева, Ш.Ш. |
| Relator term | пер. |
| Relationship | trl |
| Withdrawn status | Lost status | Damaged status | Not for loan | Collection | Home library | Current library | Date acquired | Total checkouts | Full call number | Barcode | Date last seen | Price effective from | Koha item type | Public note |
|---|---|---|---|---|---|---|---|---|---|---|---|---|---|---|
| General | Fundamental Scientific Library | Fundamental Scientific Library | 28/12/2016 | PII/335332 | FL0269900 | 28/12/2016 | 28/12/2016 | Գրքեր / Books | 30 Days Loan | |||||
| General | Fundamental Scientific Library | Fundamental Scientific Library | 28/12/2016 | PII/337342 | FL0270891 | 28/12/2016 | 28/12/2016 | Գրքեր / Books | 30 Days Loan |
ՀՀ Գիտությունների ազգային ակադեմիայի հիմնարար գիտական գրադարան = Fundamental Scientific Library of NAS RA
All site content, except where otherwise noted, is licensed under a